000 00498nam a2200193Ia 4500
003 OSt
005 20240715161555.0
008 210210b1960 xxu||||| |||| 00| 0 eng d
040 _cAL
041 _aKannada
082 _a859/495
100 _aCHADURANGA ಚದುರಂಗ
_9173561
245 _aUyyale
_bಉಯ್ಯಾಲೆ
260 _aBengaluru
_bSharada Prakatanalalya
_c1960
650 _aUyyale
_9173562
690 _aKannada Fiction
_9173563
906 _a021355
942 _2ddc
_cBK
999 _c145437
_d145437